[Event "Cto Aragon Equipos 2016 D Honor Gr II"]
[Site "Aragon"]
[Date "2016.02.27"]
[Round "5.5"]
[White "Gavin Roche, Enrique"]
[Black "Garza Marco, Sergio"]
[Result "1-0"]
[WhiteElo "2242"]
[BlackElo "2398"]
[PlyCount "135"]
[EventDate "2016.??.??"]
[WhiteTeam "ONCE C.A. Aragon"]
[BlackTeam "Helios"]

1. d4 f5 2. g3 Nf6 3. Bg2 g6 4. Nh3 Bg7 5. Nf4 Nc6 6. d5 Ne5 7. Nc3 c6 8. O-O
Nxd5 9. Ncxd5 cxd5 10. Nxd5 e6 11. Bg5 Qxg5 12. Nc7+ Kf7 13. Nxa8 Qe7 14. c4 d6
15. Qa4 b6 16. Rfd1 Rd8 17. Rac1 Bb7 18. Qxa7 Bxg2 19. Qxe7+ Kxe7 20. Nxb6 Bc6
21. a4 Rb8 22. a5 Nd7 23. c5 d5 24. b4 Nxb6 25. cxb6 Kd6 26. Rc5 Bb2 27. e3 Ba3
28. Rb1 d4 29. Rb3 Bxb4 30. Rxc6+ Kxc6 31. Rxb4 dxe3 32. fxe3 Kb7 33. Rb5 Ka6
34. Re5 Rb7 35. Kf2 Rd7 36. Ke2 Rd6 37. Rc5 Rd8 38. h4 h6 39. Kf3 g5 40. hxg5
hxg5 41. g4 Rf8 42. Re5 Rf6 43. e4 fxe4+ 44. Ke3 Rf3+ 45. Ke2 Ra3 46. Rxg5 Kb7
47. Rc5 Ka6 48. Kf2 Rf3+ 49. Kg2 Rf4 50. g5 e3 51. Re5 e2 52. Rxe2 Rg4+ 53. Kf3
Rxg5 54. Rb2 Rg8 55. Ra2 Rg5 56. Ke4 Rb5 57. Kd4 Rd5+ 58. Kc4 Rh5 59. Rb2 Rh8
60. Kc5 Kb7 61. Kd6 Rd8+ 62. Ke7 Ra8 63. Rb5 Rh8 64. Rc5 Rh7+ 65. Kd6 Ka6 66.
Rc7 Rh8 67. Ra7+ Kb5 68. b7 1-0

[Event "Cto Aragon Equipos 2016 D Honor Gr II"]
[Site "Aragon"]
[Date "2016.02.27"]
[Round "5.6"]
[White "Guzman Moneo, Alberto"]
[Black "Laliena Solanes, Luis"]
[Result "1/2-1/2"]
[WhiteElo "2211"]
[BlackElo "2219"]
[PlyCount "93"]
[EventDate "2016.??.??"]
[WhiteTeam "Helios"]
[BlackTeam "ONCE C.A. Aragon"]

1. e4 c6 2. Nf3 d5 3. Nc3 Bg4 4. d4 e6 5. h3 Bxf3 6. gxf3 Nf6 7. Be3 Qb6 8. Rb1
Nbd7 9. Qd2 Qa5 10. e5 Ng8 11. f4 g6 12. Bd3 b5 13. a3 Nb6 14. Na2 Qxd2+ 15.
Bxd2 a5 16. c3 Ne7 17. Ke2 Kd7 18. Nc1 Nf5 19. Bxf5 gxf5 20. Rg1 Be7 21. Nd3
Rhg8 22. Rg3 Rg6 23. Rbg1 Rag8 24. Kf3 Na4 25. Bc1 c5 26. dxc5 Nxc5 27. Nxc5+
Bxc5 28. Be3 Kc6 29. b4 Bb6 30. h4 axb4 31. axb4 Rxg3+ 32. fxg3 d4 33. Bxd4
Bxd4 34. cxd4 Ra8 35. Rc1+ Kd5 36. Rc5+ Kxd4 37. Rxb5 Ra3+ 38. Kg2 Ra2+ 39. Kh3
Ke4 40. Rb7 Ra1 41. Rc7 Rb1 42. b5 Kf3 43. Rc3+ Kf2 44. Rc2+ Kf3 45. Rc3+ Kf2
46. Rc2+ Kf3 47. Rc3+ 1/2-1/2

[Event "Cto Aragon Equipos 2016 D Honor Gr II"]
[Site "Aragon"]
[Date "2016.02.27"]
[Round "5.7"]
[White "Cobo Garrido, Diego Israel"]
[Black "Cerrajeria Ruiz, Jesus Maria"]
[Result "1-0"]
[WhiteElo "2062"]
[BlackElo "2210"]
[PlyCount "155"]
[EventDate "2016.??.??"]
[WhiteTeam "ONCE C.A. Aragon"]
[BlackTeam "Helios"]

1. e4 c5 2. Nf3 g6 3. d4 cxd4 4. Qxd4 Nf6 5. Nc3 Nc6 6. Qa4 d6 7. e5 dxe5 8.
Nxe5 Bg7 9. Bb5 O-O 10. Nxc6 bxc6 11. Bxc6 Bd7 12. O-O Rb8 13. Rd1 Bxc6 14.
Rxd8 Bxa4 15. Rxf8+ Kxf8 16. Nxa4 Rd8 17. Be3 Ng4 18. Bxa7 Ra8 19. Rd1 Nf6 20.
Nb6 Rxa7 21. Rd8+ Ne8 22. Nd7+ Rxd7 23. Rxd7 Bxb2 24. a4 Bc3 25. Rd3 Bb4 26.
Rb3 Bd6 27. a5 Nc7 28. Rb8+ Kg7 29. c4 Kf6 30. Rb6 Na8 31. Rb7 Ke5 32. a6 Kd4
33. a7 Bc5 34. Rb8 Nc7 35. a8=Q Nxa8 36. Rxa8 h5 37. Rf8 f6 38. Rh8 Kxc4 39.
Rh6 g5 40. Rxh5 Kd4 41. Kf1 Ke4 42. Ke2 Kf5 43. Rh3 Ke4 44. Rc3 Bd6 45. Rc4+
Kd5 46. Ra4 Ke5 47. Kf3 f5 48. Ra5+ Kf6 49. h3 Bb4 50. Rb5 Be1 51. Rb6+ e6 52.
g4 fxg4+ 53. hxg4 Bc3 54. Ke4 Be1 55. f3 Bf2 56. Rb5 Bg3 57. Rb1 Bd6 58. Rh1
Bf4 59. Kd4 Be5+ 60. Kc5 Bg3 61. Kc6 Bh4 62. Kd6 Bg3+ 63. Kd7 Bh4 64. Rh2 Ke5
65. Ra2 Bg3 66. Ra5+ Kf6 67. Ra6 Kf7 68. Rxe6 Bf4 69. Rb6 Be3 70. Rb5 Bd2 71.
Rf5+ Kg6 72. Ke6 Bc3 73. Kd5 Bb2 74. Ke4 Bc1 75. Ra5 Bd2 76. Ra6+ Kf7 77. Kf5
Be3 78. Rg6 1-0

[Event "Cto Aragon Equipos 2016 D Honor Gr II"]
[Site "Aragon"]
[Date "2016.02.27"]
[Round "5.8"]
[White "Navarro Alonso, Jorge"]
[Black "Latorre Abad, Fernando"]
[Result "1-0"]
[WhiteElo "2182"]
[BlackElo "2056"]
[PlyCount "117"]
[EventDate "2016.??.??"]
[WhiteTeam "Helios"]
[BlackTeam "ONCE C.A. Aragon"]

1. e4 c5 2. Nc3 e6 3. Nf3 a6 4. d4 cxd4 5. Nxd4 Qc7 6. Be3 Nf6 7. Bd3 Nc6 8.
Nxc6 Qxc6 9. O-O Bc5 10. e5 Nd5 11. Bxc5 Nxc3 12. Qg4 Qxc5 13. Qxg7 Qf8 14.
Qxf8+ Kxf8 15. bxc3 Ke7 16. Rab1 d5 17. Rb6 h6 18. f4 Kd7 19. f5 Kc7 20. Rd6 f6
21. fxe6 fxe5 22. Rxd5 Bxe6 23. Rxe5 Kd6 24. Re3 Raf8 25. a3 Bd5 26. Rg3 Rxf1+
27. Kxf1 Rf8+ 28. Ke2 Rf4 29. c4 Bxc4 30. Rg6+ Kc5 31. Rxh6 Bxd3+ 32. Kxd3 Ra4
33. Kc3 Rxa3+ 34. Kb2 Re3 35. g4 Re4 36. g5 Rg4 37. h4 Kd5 38. g6 Ke6 39. h5
Kf6 40. Rh7 Rg5 41. Rf7+ Ke6 42. Rxb7 Rxh5 43. Rb6+ Ke7 44. Rxa6 Rb5+ 45. Kc3
Rb7 46. Kd4 Rd7+ 47. Kc5 Rd2 48. c4 Kd7 49. Ra7+ Ke6 50. g7 Rg2 51. Kc6 Rg6 52.
c5 Ke5+ 53. Kb5 Rg1 54. Kb6 Rb1+ 55. Kc7 Rg1 56. Kd8 Kd5 57. Ke8 Kxc5 58. Kf8
Kb6 59. Rf7 1-0

[Event "Cto Aragon Equipos 2016 D Honor Gr II"]
[Site "Aragon"]
[Date "2016.02.27"]
[Round "5.9"]
[White "Salamero Pelay, Fernando"]
[Black "Glavina, Pablo"]
[Result "1-0"]
[WhiteElo "2169"]
[BlackElo "2382"]
[PlyCount "83"]
[EventDate "2016.??.??"]
[WhiteTeam "Atl. Huesca"]
[BlackTeam "St. Casablanca A"]

1. Nf3 d5 2. g3 Nf6 3. Bg2 c5 4. c4 Nc6 5. O-O d4 6. e3 e5 7. exd4 exd4 8. a3
Be7 9. d3 h6 10. Nbd2 Bf5 11. Re1 O-O 12. Nh4 Bg4 13. Qa4 Qc7 14. Ne4 Nxe4 15.
Rxe4 f5 16. Bf4 Qd8 17. Re6 Bxh4 18. gxh4 Qxh4 19. Bxc6 bxc6 20. Qxc6 Qh5 21.
Be5 Kh7 22. Re7 Rg8 23. Qxa8 Bf3 24. Qxa7 Qg4+ 25. Kf1 Qg2+ 26. Ke1 Qg1+ 27.
Kd2 Qxf2+ 28. Kc1 Qe1+ 29. Kc2 Qe2+ 30. Kb3 Qxd3+ 31. Ka4 Qc2+ 32. Ka5 Qd2+ 33.
b4 Qg5 34. Rxg7+ Rxg7 35. Qxg7+ Qxg7 36. Bxg7 Kxg7 37. bxc5 d3 38. Kb6 d2 39.
c6 f4 40. c7 Bg4 41. Rg1 Kf6 42. Rd1 1-0

[Event "Cto Aragon Equipos 2016 D Honor Gr II"]
[Site "Aragon"]
[Date "2016.02.27"]
[Round "5.10"]
[White "Quintin Navarro, Alberto"]
[Black "Luis Vitalla, Fernando"]
[Result "1-0"]
[WhiteElo "2355"]
[BlackElo "2117"]
[PlyCount "75"]
[EventDate "2016.??.??"]
[WhiteTeam "St. Casablanca A"]
[BlackTeam "Atl. Huesca"]

1. Nf3 Nf6 2. g3 d5 3. Bg2 Bf5 4. O-O e6 5. d3 Nbd7 6. b3 Bc5 7. Bb2 h6 8. Nbd2
O-O 9. c4 c6 10. Rc1 Re8 11. Rc2 a5 12. a3 Qb6 13. h3 Rad8 14. Qa1 Bd6 15. Kh2
e5 16. Rcc1 Bh7 17. c5 Bxc5 18. Nxe5 Bf8 19. Rce1 Nxe5 20. Bxe5 Nd7 21. Bc3 Nc5
22. b4 axb4 23. axb4 Ne6 24. Nf3 Ra8 25. Qb2 f6 26. e4 d4 27. Bd2 c5 28. Qb3
Kh8 29. Rb1 Rec8 30. Nh4 cxb4 31. Bxb4 Bc5 32. Rfc1 Qxb4 33. Qxe6 Qd2 34. Nf5
Re8 35. Qf7 Bf8 36. Qxb7 Qxf2 37. Rb2 Ra7 38. Qb5 1-0

[Event "Cto Aragon Equipos 2016 D Honor Gr II"]
[Site "Aragon"]
[Date "2016.02.27"]
[Round "5.11"]
[White "Gella Lopez, Angel"]
[Black "Chueca Lorente, Javier"]
[Result "1-0"]
[WhiteElo "2081"]
[BlackElo "2092"]
[PlyCount "73"]
[EventDate "2016.??.??"]
[WhiteTeam "Atl. Huesca"]
[BlackTeam "St. Casablanca A"]

1. d4 d5 2. c4 e6 3. Nc3 c6 4. Nf3 dxc4 5. g3 Nf6 6. Bg2 b5 7. O-O Be7 8. Ne5
Nd5 9. Ne4 Bb7 10. h4 Nd7 11. f4 h6 12. e3 Qc7 13. Bd2 O-O-O 14. Nxf7 c5 15.
Nxh8 Rxh8 16. b3 N7f6 17. bxc4 bxc4 18. Rc1 Nxe4 19. Bxe4 c3 20. Bxd5 Bxd5 21.
Rxc3 g5 22. h5 gxf4 23. Rxf4 Rg8 24. Rg4 Rf8 25. e4 Bc6 26. Rg7 cxd4 27. Rxc6
Qxc6 28. Rxe7 Qd6 29. Qc1+ Kd8 30. Rg7 Qe5 31. Bxh6 Rf7 32. Rg8+ Ke7 33. Bg5+
Kd6 34. Rd8+ Rd7 35. Bf4 Rxd8 36. Bxe5+ Kxe5 37. Qc7+ 1-0

[Event "Cto Aragon Equipos 2016 D Honor Gr II"]
[Site "Aragon"]
[Date "2016.02.27"]
[Round "5.12"]
[White "Goni Navarro, Pablo"]
[Black "Laplaza Ara, Carlos"]
[Result "1/2-1/2"]
[WhiteElo "2060"]
[BlackElo "1975"]
[PlyCount "132"]
[EventDate "2016.??.??"]
[WhiteTeam "St. Casablanca A"]
[BlackTeam "Atl. Huesca"]

1. c4 Nf6 2. Nc3 e6 3. d4 d5 4. Nf3 Be7 5. g3 O-O 6. Bg2 c5 7. cxd5 exd5 8. O-O
Nc6 9. dxc5 Bxc5 10. a3 a6 11. Bg5 Be7 12. Rc1 Be6 13. Na4 Rc8 14. Nc5 Bxc5 15.
Rxc5 Qd6 16. Rc1 Ne4 17. Bf4 Qe7 18. Nd4 Nxd4 19. Qxd4 Nf6 20. Be5 Rfd8 21.
Rfd1 Ng4 22. Rxc8 Rxc8 23. Bf4 Nf6 24. Bg5 Rd8 25. Rc1 h6 26. Bxf6 Qxf6 27.
Qxf6 gxf6 28. Rc7 Rb8 29. Kf1 Kf8 30. Ke1 Ke8 31. Kd2 Kd8 32. Rc5 b6 33. Rc3
Ke7 34. Ke3 Kd6 35. Kd4 Rg8 36. Bf3 Rh8 37. Rb3 Rb8 38. Bg2 b5 39. Rf3 Rc8 40.
Kd3 Ke5 41. Re3+ Kd6 42. Kd2 a5 43. Rc3 Rc4 44. b3 Rxc3 45. Kxc3 d4+ 46. Kxd4
Bxb3 47. Be4 Bc4 48. e3 Be6 49. Bc2 f5 50. Bd3 Kc6 51. Bc2 Kd6 52. f3 f6 53. h4
Bd5 54. f4 Be6 55. Bd3 Kc6 56. e4 fxe4 57. Bxe4+ Kd6 58. Bd3 Kc6 59. Be2 Kd6
60. g4 b4 61. axb4 axb4 62. g5 fxg5 63. fxg5 hxg5 64. hxg5 b3 65. Kc3 Ke5 66.
Bd1 Kf5 1/2-1/2

[Event "Cto Aragon Equipos 2016 D Honor Gr II"]
[Site "Aragon"]
[Date "2016.02.27"]
[Round "5.13"]
[White "Roque Sola, Jose Luis"]
[Black "Nicolas Zapata, Irene"]
[Result "1/2-1/2"]
[WhiteElo "2066"]
[BlackElo "2239"]
[PlyCount "187"]
[EventDate "2016.??.??"]
[WhiteTeam "Agrupacion B"]
[BlackTeam "Teruel"]

1. e4 c5 2. Nf3 Nc6 3. d4 cxd4 4. Nxd4 g6 5. Nc3 Bg7 6. Be3 Nf6 7. Bc4 O-O 8.
Bb3 d6 9. f3 Bd7 10. Qd2 Nxd4 11. Bxd4 b5 12. Nd5 Nxd5 13. Bxg7 Kxg7 14. Bxd5
Rc8 15. O-O Qb6+ 16. Kh1 b4 17. Rac1 a5 18. c3 e6 19. Bb3 a4 20. Bd1 Bb5 21.
Re1 bxc3 22. Rxc3 e5 23. Be2 Qf2 24. Qd1 Rxc3 25. bxc3 Bxe2 26. Rxe2 Qc5 27.
Qxa4 Qxc3 28. Qd1 Rc8 29. Rd2 Qa3 30. Qf1 Rc1 31. Rd1 Rc2 32. Ra1 Rxa2 33. Rxa2
Qxa2 34. h3 d5 35. exd5 Qxd5 36. Qa6 h5 37. Kg1 h4 38. Kf1 Qd1+ 39. Kf2 Qd2+
40. Kf1 Qf4 41. Qc6 Kh6 42. Ke2 Kg5 43. Qc7 Qf5 44. Qc1+ Kf6 45. Qc7 Kg5 46.
Qc1+ Qf4 47. Qc7 f6 48. Qc8 Qd4 49. Qc1+ Kh5 50. Qc6 Qb2+ 51. Kf1 Kg5 52. Qc8
Qd4 53. Qc1+ Kf5 54. Ke2 e4 55. Qc8+ Ke5 56. Qc7+ Kf5 57. Qc8+ Kf4 58. Qg4+ Ke5
59. f4+ Kd6 60. Qxg6 Qd3+ 61. Ke1 Qe3+ 62. Kd1 Qxf4 63. Ke2 Qe5 64. Qg8 Qd5 65.
Qb8+ Ke7 66. Qa7+ Ke6 67. Qa6+ Ke5 68. Qb6 Qd3+ 69. Ke1 Qc3+ 70. Ke2 Qc2+ 71.
Ke1 Qxg2 72. Qc7+ Kf5 73. Qc8+ Kf4 74. Qc7+ Kf3 75. Qc3+ e3 76. Qxf6+ Kg3 77.
Qg5+ Kxh3 78. Qxe3+ Qg3+ 79. Qf2 Qe5+ 80. Kf1 Qa1+ 81. Ke2 Qb2+ 82. Ke1 Qc1+
83. Ke2 Qc2+ 84. Ke1 Qe4+ 85. Kf1 Qh1+ 86. Ke2 Qe4+ 87. Kf1 Qd3+ 88. Ke1 Qb1+
89. Ke2 Qa2+ 90. Ke1 Qa5+ 91. Ke2 Qe5+ 92. Kf1 Qg3 93. Qf5+ Kh2 94. Qf2+
1/2-1/2

[Event "Cto Aragon Equipos 2016 D Honor Gr II"]
[Site "Aragon"]
[Date "2016.02.27"]
[Round "5.14"]
[White "Garcia Fernandez, Javier"]
[Black "Roque Sola, Gisela"]
[Result "1-0"]
[WhiteElo "2173"]
[BlackElo "2012"]
[PlyCount "100"]
[EventDate "2016.??.??"]
[WhiteTeam "Teruel"]
[BlackTeam "Agrupacion B"]

1. e4 e6 2. d4 d5 3. Nc3 Nf6 4. e5 Nfd7 5. f4 c5 6. Nf3 Nc6 7. Be3 Be7 8. Qd2
a6 9. g3 b5 10. dxc5 Nxc5 11. a3 Qa5 12. Bd3 b4 13. Ne2 Nxd3+ 14. cxd3 bxa3 15.
Qxa5 Nxa5 16. bxa3 Rb8 17. Ned4 Bd7 18. Bd2 Nc6 19. Ke2 Nxd4+ 20. Nxd4 Bc5 21.
Rhb1 O-O 22. Nb3 Be7 23. Be3 Rfc8 24. Nd2 Rxb1 25. Rxb1 Bb5 26. Rb3 h6 27. Bd4
Rc1 28. Rb1 Bxa3 29. Rxc1 Bxc1 30. Nb3 Ba3 31. Bc3 Kh7 32. g4 Kg6 33. h3 f6 34.
Nd4 Kf7 35. f5 fxe5 36. Nxe6 Bd6 37. Kd2 Kf6 38. Ba5 Bd7 39. Bd8+ Kf7 40. Bc7
Bxc7 41. Nxc7 d4 42. Nxa6 Bc6 43. Ke2 e4 44. Nc5 exd3+ 45. Nxd3 Kf6 46. Kf2 g6
47. fxg6 Kxg6 48. Ne5+ Kg5 49. Nxc6 Kh4 50. Kg2 d3 1-0

[Event "Cto Aragon Equipos 2016 D Honor Gr II"]
[Site "Aragon"]
[Date "2016.02.27"]
[Round "5.15"]
[White "Lopez Guaita, Fernando"]
[Black "Dominguez Bujeda, Jesus"]
[Result "0-1"]
[WhiteElo "1946"]
[BlackElo "2119"]
[PlyCount "68"]
[EventDate "2016.??.??"]
[WhiteTeam "Agrupacion B"]
[BlackTeam "Teruel"]

1. e4 c5 2. c3 Nf6 3. e5 Nd5 4. d4 cxd4 5. Nf3 e6 6. cxd4 b6 7. a3 Be7 8. Bd3
Ba6 9. O-O Bxd3 10. Qxd3 O-O 11. Nc3 Nxc3 12. bxc3 d6 13. Qe4 Nd7 14. Qg4 Kh8
15. Bf4 Qc7 16. exd6 Bxd6 17. Bxd6 Qxd6 18. Ng5 Nf6 19. Qh3 Rac8 20. f4 h6 21.
Rae1 Kg8 22. Ne4 Nxe4 23. Rxe4 Qxa3 24. Re3 Qd6 25. Rff3 b5 26. g4 b4 27. cxb4
Qxd4 28. Kg2 Rc2+ 29. Kg3 Qxb4 30. g5 hxg5 31. fxg5 Qd6+ 32. Rf4 Rc4 33. Ref3
Rfc8 34. Kg4 e5 0-1

[Event "Cto Aragon Equipos 2016 D Honor Gr II"]
[Site "Aragon"]
[Date "2016.02.27"]
[Round "5.16"]
[White "Martin Catalan, Juan Vicente"]
[Black "Serrat Claver, David"]
[Result "1-0"]
[WhiteElo "2045"]
[BlackElo "1815"]
[PlyCount "65"]
[EventDate "2016.??.??"]
[WhiteTeam "Teruel"]
[BlackTeam "Agrupacion B"]

1. d4 f5 2. Nf3 Nf6 3. g3 e6 4. Bg2 d5 5. c4 c6 6. Nc3 Bd6 7. O-O O-O 8. Qc2
Ne4 9. Rb1 b6 10. b4 Ba6 11. b5 cxb5 12. Nxb5 Bxb5 13. Rxb5 a6 14. Rb2 Nd7 15.
cxd5 Rc8 16. Qa4 exd5 17. Qxa6 Ra8 18. Qb5 Ra5 19. Qb3 Qa8 20. Rc2 Qa6 21. Ng5
Ndf6 22. Bxe4 Nxe4 23. Nxe4 fxe4 24. Rc6 Rb5 25. Qc2 Rd8 26. Bg5 Rd7 27. Rc8+
Bf8 28. Qc6 Rf7 29. Ra8 Rc5 30. Qe8 Qxe2 31. dxc5 d4 32. Be7 Qf3 33. Qxf8+ 1-0

[Event "Cto de Aragón Eq Fase II"]
[Site "Aragón"]
[Date "2016.02.27"]
[Round "5.17"]
[White "Lana Rodriguez, David"]
[Black "Cebrian Valverde, Jose Antonio"]
[Result "1-0"]
[WhiteElo "2260"]
[BlackElo "2144"]
[PlyCount "127"]
[EventDate "2016.??.??"]
[WhiteTeam "Agrupacion A"]
[BlackTeam "San Jose"]

1. e4 e6 2. d4 d5 3. Bd3 dxe4 4. Bxe4 Nf6 5. Bf3 c5 6. Ne2 Nc6 7. Be3 Qb6 8.
Nbc3 cxd4 9. Nxd4 Nxd4 10. Bxd4 Bc5 11. Ne2 Bd7 12. O-O Bc6 13. Bxc6+ Qxc6 14.
c3 O-O-O 15. Qb3 Rd5 16. Bxc5 Qxc5 17. Rad1 Rhd8 18. Rd4 Rxd4 19. cxd4 Qd6 20.
h3 Kb8 21. Rc1 Rc8 22. Rc5 Nd7 23. Rxc8+ Kxc8 24. Qc2+ Kb8 25. Qxh7 Qb4 26. Ng3
Qxd4 27. Qg8+ Kc7 28. Qxf7 Kd6 29. b3 b5 30. Kh2 a5 31. Qg6 Kd5 32. Qe8 Kd6 33.
Qa8 a4 34. Qa6+ Qb6 35. Qc8 axb3 36. axb3 Qd4 37. Qa6+ Qb6 38. Qa1 Nf6 39. Qa3+
b4 40. Qa8 Ke7 41. Qf3 Qd4 42. Qb7+ Nd7 43. Qe4 Qxf2 44. Qxb4+ Qc5 45. Qg4 Qe5
46. b4 Nb6 47. h4 Nd5 48. b5 Qb2 49. Ne4 Qe5+ 50. g3 Qb2+ 51. Kh3 Qa1 52. Qf3
Qb2 53. Ng5 Nf6 54. Qb7+ Nd7 55. Qe4 Qb3 56. Qd4 Nf6 57. Qc5+ Kd7 58. b6 Nd5
59. Qf8 Qxb6 60. Qxg7+ Ne7 61. Qf6 Qe3 62. Nf3 Nf5 63. Ne5+ Kd6 64. Nc4+ 1-0

[Event "Cto de Aragón Eq Fase II"]
[Site "Aragón"]
[Date "2016.02.27"]
[Round "5.18"]
[White "Gutierrez Mingueza, Ruben"]
[Black "Ramon Perez, Jose Luis"]
[Result "0-1"]
[WhiteElo "2075"]
[BlackElo "2238"]
[PlyCount "126"]
[EventDate "2016.??.??"]
[WhiteTeam "San Jose"]
[BlackTeam "Agrupacion A"]

1. d4 e6 2. c4 f5 3. g3 Nf6 4. Bg2 d5 5. Nf3 c6 6. O-O Bd6 7. Nc3 O-O 8. Qc2
Ne4 9. Rb1 a5 10. a3 Qe7 11. b4 axb4 12. axb4 Nd7 13. c5 Bb8 14. Bf4 e5 15.
Bxe5 Nxe5 16. dxe5 Bxe5 17. Na4 f4 18. Nb6 Rb8 19. Nxc8 Rbxc8 20. Nxe5 Qxe5 21.
Rb3 Rce8 22. b5 Qf5 23. Bxe4 dxe4 24. gxf4 Qxf4 25. Rg3 Re5 26. bxc6 bxc6 27.
e3 Qh4 28. Qc4+ Kh8 29. f4 Rh5 30. Rf2 Rd8 31. Qc2 Qe7 32. f5 Qe5 33. Rd2 Rf8
34. Qb2 Qxb2 35. Rxb2 Rhxf5 36. Rb7 g6 37. Re7 Rxc5 38. Rxe4 Kg7 39. Re6 Rc1+
40. Kg2 Rc2+ 41. Kh3 Rff2 42. e4 Kf7 43. Rd6 Ke7 44. Rd4 Rxh2+ 45. Kg4 Rhg2 46.
Rxg2 Rxg2+ 47. Kf4 Ke6 48. Rc4 Kd6 49. Rd4+ Ke7 50. Rc4 Rf2+ 51. Ke5 Rf6 52.
Ra4 Re6+ 53. Kf4 Kf6 54. Ra7 h5 55. Ra5 g5+ 56. Ke3 Re5 57. Ra6 Rc5 58. Kd4 Rc1
59. Ra5 h4 60. Rf5+ Kg6 61. Rf2 h3 62. Ke5 g4 63. Rf8 h2 0-1

[Event "Cto de Aragón Eq Fase II"]
[Site "Aragón"]
[Date "2016.02.27"]
[Round "5.19"]
[White "Mimbela Lopez, Miguel A"]
[Black "Ferreruela Romero, Jose Joaqui"]
[Result "1/2-1/2"]
[WhiteElo "2149"]
[BlackElo "2000"]
[PlyCount "71"]
[EventDate "2016.??.??"]
[WhiteTeam "Agrupacion B"]
[BlackTeam "San Jose"]

1. e4 e6 2. d4 d5 3. Nc3 dxe4 4. Nxe4 Nd7 5. Nf3 Ngf6 6. Nxf6+ Nxf6 7. Bd3 Be7
8. O-O O-O 9. Bg5 b6 10. Qe2 Bb7 11. c3 c5 12. dxc5 Bxc5 13. Rad1 Qc7 14. Bxf6
gxf6 15. Be4 Rfd8 16. Bxb7 Qxb7 17. Qc4 Rd7 18. Qf4 Be7 19. h4 Rad8 20. Rxd7
Qxd7 21. Qh6 Kh8 22. Qh5 Qe8 23. Nd4 Rd5 24. Qf3 f5 25. Re1 Qg8 26. Qf4 Bd6 27.
Qh6 Qg6 28. Qxg6 hxg6 29. Nf3 b5 30. Kf1 Kg7 31. Ke2 Bc5 32. Rc1 Bb6 33. b3 e5
34. g3 e4 35. Ne1 Kf6 36. Nc2 1/2-1/2

[Event "Cto de Aragón Eq Fase II"]
[Site "Aragón"]
[Date "2016.02.27"]
[Round "5.20"]
[White "Palomar Ramon, Santiago"]
[Black "Carruez Berges, Santiago"]
[Result "0-1"]
[WhiteElo "1980"]
[BlackElo "2046"]
[PlyCount "38"]
[EventDate "2016.??.??"]
[WhiteTeam "San Jose"]
[BlackTeam "Agrupacion B"]

1. f4 Nf6 2. Nf3 g6 3. b3 Bg7 4. Bb2 O-O 5. e3 d6 6. Nc3 Nbd7 7. Ne2 e5 8. g3
Nh5 9. Bc3 Nc5 10. Bg2 Ne4 11. O-O Nxc3 12. dxc3 c6 13. Qe1 Bf5 14. Rd1 Qb6 15.
Qf2 Nf6 16. Nd2 Ng4 17. Nc4 Nxf2 18. Nxb6 Nxd1 19. Nxa8 Nxe3 0-1

[Event "Cto de Aragón Eq Fase II"]
[Site "Aragón"]
[Date "2016.02.27"]
[Round "5.21"]
[White "Forcen Esteban, Daniel"]
[Black "Llorente Zaro, Alfonso"]
[Result "1-0"]
[WhiteElo "2555"]
[BlackElo "2464"]
[PlyCount "111"]
[EventDate "2016.??.??"]
[WhiteTeam "Jaime Casas A"]
[BlackTeam "St. Casablanca B"]

1. d4 f5 2. Bg5 c6 3. Nc3 d5 4. e3 Nf6 5. Bxf6 exf6 6. Bd3 Be6 7. Qf3 g6 8.
Nge2 Bd6 9. h3 Na6 10. a3 Nc7 11. g4 Qd7 12. gxf5 Bxf5 13. Bxf5 Qxf5 14. Qxf5
gxf5 15. Ng3 f4 16. exf4 Ne6 17. Nce2 Nxf4 18. Nxf4 Bxf4 19. Nh5 Bh6 20. Nxf6+
Kf7 21. Ng4 Bf4 22. Ke2 Rae8+ 23. Kd3 Re6 24. Rae1 Rhe8 25. Rxe6 Rxe6 26. Rg1
Bd6 27. c3 Bf4 28. a4 a6 29. b3 b5 30. h4 h5 31. Ne3 Bxe3 32. fxe3 Re4 33. c4
Rxh4 34. cxd5 cxd5 35. Rg5 bxa4 36. bxa4 Ke6 37. Rg6+ Kd7 38. Rxa6 Rh1 39. Rh6
h4 40. a5 h3 41. a6 Kc7 42. Ke2 Kb8 43. Kf2 Rh2+ 44. Kg3 Re2 45. Kf3 Ra2 46.
Rxh3 Rxa6 47. Kf4 Kc7 48. Rh7+ Kd8 49. Ke5 Ra3 50. Rh3 Ra5 51. Kd6 Kc8 52. Rh5
Ra6+ 53. Kc5 Ra5+ 54. Kb4 Ra6 55. Rxd5 Re6 56. Re5 1-0

[Event "Cto de Aragón Eq Fase II"]
[Site "Aragón"]
[Date "2016.02.27"]
[Round "5.22"]
[White "Villuendas Valero, Adrian"]
[Black "Antoli Royo, Joaquin Miguel"]
[Result "1-0"]
[WhiteElo "2319"]
[BlackElo "2449"]
[PlyCount "73"]
[EventDate "2016.??.??"]
[WhiteTeam "St. Casablanca B"]
[BlackTeam "Jaime Casas A"]

1. d4 Nf6 2. Bg5 c5 3. d5 Qb6 4. Nc3 Qxb2 5. Bd2 Qb6 6. e4 d6 7. f4 Nfd7 8. Nf3
g6 9. e5 Bg7 10. Rb1 Qd8 11. e6 fxe6 12. Ng5 Nf8 13. Bb5+ Bd7 14. dxe6 Bxb5 15.
Nxb5 Qc8 16. f5 a6 17. Nc3 Nc6 18. Nd5 Nd4 19. Ba5 Qc6 20. Nc7+ Kd8 21. Nxa8+
Kc8 22. Nb6+ Kb8 23. O-O gxf5 24. c3 Rg8 25. Nf3 Ndxe6 26. Nd5 Bd4+ 27. Nxd4
cxd4 28. Qf3 Ng6 29. Qxf5 Ngf4 30. Rxf4 Nxf4 31. Nxf4 dxc3 32. Qd5 Qxd5 33.
Nxd5 Rg5 34. Nxe7 c2 35. Rc1 Rxa5 36. Rxc2 Re5 37. Ng8 1-0

[Event "Cto de Aragón Eq Fase II"]
[Site "Aragón"]
[Date "2016.02.27"]
[Round "5.23"]
[White "Rudolf, Anna"]
[Black "Gomez Anadon, Daniel"]
[Result "0-1"]
[WhiteElo "2332"]
[BlackElo "2212"]
[PlyCount "86"]
[EventDate "2016.??.??"]
[WhiteTeam "Jaime Casas A"]
[BlackTeam "St. Casablanca B"]

1. e4 Nf6 2. e5 Nd5 3. Nf3 d6 4. Bc4 e6 5. d4 Be7 6. O-O Nc6 7. Nbd2 dxe5 8.
dxe5 g5 9. Bb5 Bd7 10. Ne4 Rg8 11. c4 Nb6 12. c5 Nd5 13. Qe2 g4 14. Bxc6 Bxc6
15. Nd4 Nf4 16. Bxf4 Qxd4 17. Rfe1 Qxe4 18. Qxe4 Bxe4 19. Rxe4 Bxc5 20. Rc1
O-O-O 21. Rec4 Bb6 22. Be3 Rd7 23. Kf1 Bxe3 24. fxe3 Rg5 25. Ke2 h5 26. Re4 Rd5
27. Rf4 Rf5 28. Rcf1 Rdxe5 29. e4 Rxf4 30. Rxf4 f5 31. Kd3 Rxe4 32. Rxe4 fxe4+
33. Kxe4 c5 34. a4 Kd7 35. Kf4 Kd6 36. Kg5 Ke5 37. h4 gxh3 38. gxh3 c4 39. h4
b6 40. Kxh5 Kf5 41. Kh6 e5 42. h5 e4 43. Kg7 e3 0-1

[Event "Cto de Aragón Eq Fase II"]
[Site "Aragón"]
[Date "2016.02.27"]
[Round "5.24"]
[White "Gimenez Martinez, Alberto"]
[Black "Fontana Sotomayor, Luis Javier"]
[Result "0-1"]
[WhiteElo "2184"]
[BlackElo "2315"]
[PlyCount "62"]
[EventDate "2016.??.??"]
[WhiteTeam "St. Casablanca B"]
[BlackTeam "Jaime Casas A"]

1. e4 c6 2. d4 d5 3. exd5 cxd5 4. c4 Nf6 5. Nc3 g6 6. Nf3 Bg7 7. Bg5 O-O 8. Bd3
Be6 9. c5 Bg4 10. h3 Bxf3 11. Qxf3 Nc6 12. O-O Nxd4 13. Qd1 Ne6 14. Bh4 Nxc5
15. Bc2 e6 16. Rb1 Rc8 17. Ne2 Qb6 18. Bg5 Ncd7 19. Bb3 Ne4 20. Be3 Qa6 21. a3
Rfd8 22. Nf4 Ndc5 23. Ba2 d4 24. Bd2 Nxd2 25. Qxd2 Bh6 26. b4 Na4 27. Rbe1 Qd6
28. g3 Nc3 29. Qb2 Bxf4 30. gxf4 Qxf4 31. Rc1 Ne2+ 0-1

[Event "Cto de Aragón Eq Fase II"]
[Site "Aragón"]
[Date "2016.02.27"]
[Round "5.30"]
[White "Veras Sanz, Marino"]
[Black "Gines Abad, Pedro"]
[Result "0-1"]
[WhiteElo "2057"]
[BlackElo "2018"]
[PlyCount "86"]
[EventDate "2016.??.??"]
[WhiteTeam "El Olivar B"]
[BlackTeam "Ibercaja A"]

1. Nf3 Nf6 2. g3 g6 3. Bg2 Bg7 4. O-O c5 5. c4 Nc6 6. d4 cxd4 7. Nxd4 O-O 8.
Nc3 Nxd4 9. Qxd4 d6 10. Qd3 Rb8 11. h3 Be6 12. b3 Bf5 13. Qe3 a6 14. Bb2 Re8
15. Qd2 Bd7 16. Rfd1 Qc8 17. Kh2 Qc5 18. Nd5 Nxd5 19. Bxg7 Kxg7 20. Qxd5 Qxd5
21. Bxd5 Red8 22. Rd2 b5 23. Rc1 Rdc8 24. Rdc2 b4 25. c5 Rxc5 26. Rxc5 dxc5 27.
Rxc5 Rb5 28. Rxb5 Bxb5 29. Bf3 Kf6 30. Kg2 Ke5 31. e3 Bd3 32. Kg1 Bb1 33. Bb7
a5 34. f4+ Kd6 35. Ba6 Bxa2 36. Bc4 e6 37. Kf2 a4 38. Ke2 Bxb3 39. Bxb3 axb3
40. Kd3 f5 41. g4 fxg4 42. hxg4 h5 43. f5 exf5 0-1